000 00668cam a22002291 4500
001 sa 68000818
003 DLC
005 20260227112427.0
008 890821s1966 ii b 000 0 hino
010 _asa 68000818
035 _a(OCoLC)20226968
040 _aDLC
_cWaU
_dNRU
_dDLC
042 _apremarc
050 0 0 _aPK2033
_b.S23
100 1 _aSaksena, Lalta Prasad.
245 1 0 _aCintana aura ālocana.
_cLekhaka Lāltāprasāda Saksenā.
260 _aJayapura,
_bNirmala Prakāśana; mukhya vitaraka]: Ātmārāma [Dillī,
_c1966]
300 _a226 p.
_c23 cm.
500 _aIn Hindi.
504 _aBibliographical footnotes.
650 0 _aHindi literature.
999 _c77473
_d77473